000
00329 a2200109 4500
001
ART_31221
005
20260410161706.0
008
260409a
245
1
0
_a
Caducidad de los quebrantos en el impuesto a las ganancias
100
1
_a
Oklander, Juan
773
0
_t
Revista Impuestos
_g
- NÂș 19 (oct. 2007)
_w
REV639
999
_c
15652
_d
15652